Online
Catalog

Cálculo con geometría analítica / (Record no. 21035)

MARC details
000 -CABECERA
campo de control de longitud fija 01116nam a2200301 a 4500
001 - NÚMERO DE CONTROL
campo de control 000021535
005 - FECHA Y HORA DE LA ÚLTIMA TRANSACCIÓN
campo de control 20260505131525.0
008 - DATOS DE LONGITUD FIJA--INFORMACIÓN GENERAL
campo de control de longitud fija 100908s1994 mx a 001 0 spa d
020 ## - NÚMERO INTERNACIONAL ESTÁNDAR DEL LIBRO
Número Internacional Estándar del Libro 9688805963
040 ## - FUENTE DE LA CATALOGACIÓN
Centro catalogador/agencia de origen DO-SdBNP
Lengua de catalogación spa
Centro/agencia transcriptor BNPHU
041 17 - CÓDIGO DE LENGUA
Código de lengua del texto/banda sonora o título independiente spa
Código de lengua original eng
Fuente del código Código de idiomas MARC
082 ## - NÚMERO DE LA CLASIFICACIÓN DECIMAL DEWEY
Número de clasificación 515.15
Número de documento/Ítem E26c, 1994
049 ## - FONDOS LOCALES (OCLC)
Fondos de biblioteca BNGR
100 1# - ENTRADA PRINCIPAL--NOMBRE DE PERSONA
Nombre de persona Edwards, C. H.
9 (RLIN) 44900
240 10 - TÍTULO UNIFORME
Título uniforme Calculos with analytic geometry.
Lenguaje de la obra Español
245 10 - MENCIÓN DE TÍTULO
Título Cálculo con geometría analítica /
Mención de responsabilidad, etc. C. H. Edwards y David E. Penney ; traducción de Óscar Alfredo Palmas Velasco ; revisión técnica de Víctor Hugo Ibarra Mercado.
250 ## - MENCIÓN DE EDICIÓN
Mención de edición 4a ed.
260 ## - PUBLICACIÓN, DISTRIBUCIÓN, ETC.
Lugar de publicación, distribución, etc. México :
Nombre del editor, distribuidor, etc. Prentice Hall Hispanoamericana,
Fecha de publicación, distribución, etc. 1994.
300 ## - DESCRIPCIÓN FÍSICA
Extensión 956, [80] p. :
Otras características físicas il. ;
Dimensiones 25 cm.
534 ## - NOTA SOBRE LA VERSIÓN ORIGINAL
Encabezamiento principal del original Traducido de la obra en inglés :
Mención de título del original Calculos with analytic geometry
500 ## - NOTA GENERAL
Nota general Incluye índice.
650 #0 - PUNTO DE ACCESO ADICIONAL DE MATERIA--TÉRMINO DE MATERIA
Término de materia o nombre geográfico como elemento de entrada Cálculo
9 (RLIN) 19730
650 #0 - PUNTO DE ACCESO ADICIONAL DE MATERIA--TÉRMINO DE MATERIA
Término de materia o nombre geográfico como elemento de entrada Geometría analítica
9 (RLIN) 44901
700 1# - PUNTO DE ACCESO ADICIONAL--NOMBRE DE PERSONA
Nombre de persona Penney, David E.
9 (RLIN) 44902
700 1# - PUNTO DE ACCESO ADICIONAL--NOMBRE DE PERSONA
Nombre de persona Palmas Velasco, Óscar Alfredo,
Término indicativo de función/relación tr.
9 (RLIN) 98
700 1# - PUNTO DE ACCESO ADICIONAL--NOMBRE DE PERSONA
Nombre de persona Ibarra Mercado, Víctor Hugo,
Término indicativo de función/relación rev.
9 (RLIN) 44903
910 ## - DATOS DE OPCIÓN DEL USUARIO (OCLC)
Datos de opción del usuario WM
Holdings
Estado de retiro Estado de pérdida Restricciones de uso No para préstamo Código de colección Localización permanente Ubicación/localización actual Ubicación en estantería Fecha de adquisición Número de inventario Total de préstamos Signatura topográfica completa Código de barras Fecha visto por última vez Precio válido a partir de Tipo de ítem Koha
        Monografías: Libros y Folletos General General Depósito 08.09.2010 LF1   515.15 E26c, 1994 21535-10 25.06.2020 25.06.2020 Préstamo en sala

Powered by Koha